00488nam a2200145Ia 4500008004100000041000800041082001700049100002100066245004500087260003500132300003300167365000700200999001300207952012200220240624s9999 xx 000 0 und d aeng a658.4092 HAR aHARRIS MICHAEL C aVALUE LEADERSHIP WINNING COMPETITIVE ADV c2003aNew DelhibPrentice-Hall axxvii, : 274 : p. : cm. ; 23 cRS c369d369 00104070aIMTNbIMTNcRack 30-Bd2004-10-15eJBDg195.00o658.4092 HARp369r2024-06-24 00:00:00t1w2024-06-24yBK